| 000 | 00890nam a2200241 i 4500 | ||
|---|---|---|---|
| 001 | bg | ||
| 245 | 0 | 0 |
_aKontrowersje wokół korzyści i kosztów integracji Polski z Unią Europejską / _cpod red. Zofii Dach ; Wyższa Szkoła Przedsiębiorczości i Marketingu w Chrzanowie. |
| 260 |
_aChrzanów : _bWSPiM, _c1999. |
||
| 300 |
_a351 s. : _bil. ; _c24 cm. |
||
| 500 | _aRef. z konferencji naukowej, 21 maja 1999 r., Chrzanów. - Streszcz. ang. | ||
| 504 | _aWykaz aktów prawnych. | ||
| 650 | 9 | _aPolska a Unia Europejska | |
| 655 | _aMateriały konferencyjne | ||
| 700 | 1 |
_aDACH, Zofia. _eRed. |
|
| 710 | 0 | _aWyższa Szkoła Przedsiębiorczości i Marketingu (Chrzanów) | |
| 020 | _a8390764822 | ||
| 040 | _cBPK | ||
| 041 | 0 |
_apl _ben |
|
| 080 | _a338.22:327.39](438:4-67)"1989/..."(061) | ||
| 920 | _a83-907648-2-2 | ||
| 942 | _cKS | ||
| 008 | s pl f |000 0 pol | ||
| 999 |
_c36403 _d36403 |
||
| 856 |
_uhttp://koha.tu.koszalin.pl/cgi-bin/koha/opac-detail.pl?biblionumber=36403 _yKatalog online BPK |
||